Recovery of contractor's fixed cost/head office overhead and profit (Record no. 117592)

MARC details
000 -LEADER
fixed length control field 01158cam a2200253 4500
001 - CONTROL NUMBER
control field ABS67887
008 - FIXED-LENGTH DATA ELEMENTS--GENERAL INFORMATION
fixed length control field 040624n2004 000 0 eng u
035 ## - SYSTEM CONTROL NUMBER
System control number (Sirsi) u126599
100 ## - MAIN ENTRY--PERSONAL NAME
Personal name Carrick, D.
245 ## - TITLE STATEMENT
Title Recovery of contractor's fixed cost/head office overhead and profit
260 ## - PUBLICATION, DISTRIBUTION, ETC.
Date of publication, distribution, etc. 2004
490 ## - SERIES STATEMENT
Series statement Civil Engineering Surveyor
Volume/sequential designation June 2004, 17-19(3)
520 ## - SUMMARY, ETC.
Summary, etc. Suggests ways in which formulae, such as Hudson, Emden and Eichleay, can be used to calculate a basis for claim for loss of business. These losses can result from delays which develop in a project. Stresses that record keeping needs to be thorough to back up any such claims. Concludes that the recoverability of loss of profit and head office contribution will depend often on the nature of the contractor making the claim and the market conditions in which the claim is made.
590 ## - LOCAL NOTE (RLIN)
Local note ABS
590 ## - LOCAL NOTE (RLIN)
Local note ABS
650 ## - SUBJECT ADDED ENTRY--TOPICAL TERM
Topical term or geographic name entry element HEAD OFFICE OVERHEADS
650 ## - SUBJECT ADDED ENTRY--TOPICAL TERM
Topical term or geographic name entry element HUDSON FORMULA
650 ## - SUBJECT ADDED ENTRY--TOPICAL TERM
Topical term or geographic name entry element EMDEN FORMULA
650 ## - SUBJECT ADDED ENTRY--TOPICAL TERM
Topical term or geographic name entry element EICHLEAY FORMULA
650 ## - SUBJECT ADDED ENTRY--TOPICAL TERM
Topical term or geographic name entry element HADLEY V BAXENDALE
690 ## - LOCAL SUBJECT ADDED ENTRY--TOPICAL TERM (OCLC, RLIN)
Topical term or geographic name as entry element BUILDING AND CONSTRUCTION-CONTRACTS
700 ## - ADDED ENTRY--PERSONAL NAME
Personal name Scott, D.
942 ## - ADDED ENTRY ELEMENTS (KOHA)
Suppress in OPAC 0
Holdings
Withdrawn status Lost status Source of classification or shelving scheme Damaged status Not for loan Home library Current library Shelving location Date acquired Total Checkouts Full call number Barcode Date last seen Copy number Price effective from Koha item type
    Dewey Decimal Classification     London London Journal article 24/06/2004   ABS67887 126599-1001 06/08/2019 1 06/08/2019 Journal article